000 00405nam a2200169Ia 4500
003 OSt
005 20240306105925.0
008 170619s9999 xx 000 0 und d
020 _a9780230331426
040 _cIIMT ENGINEERING COLLEGE
100 _aKhatri- D.K
245 0 _aInvestment Management & Security Analysis
260 _bmacmillan
260 _c2001
546 _aENGLISH
942 _2ddc
_c02
999 _c22768
_d22768